00367cam a22001217a 4500008004000000082001700040100001500057245007000072260002800142300001500170650004500185700001500230180718b1962 xxu||||| |||| 00| 0 eng d aT2161x42 C23 aCarr, J.C. aHistory of the British steel industrycby J.C. Carr and W. Taplin aOxfordbBlackwellc1962 axii, 632p. aSteel industry and trade --Great Britain aTaplin, W.